00559 2200181 4500001002100000005001500021035002000036007000300056008003900059082000800098084001400106100001900120245010800139260003700247300004400284650003500328022001400363INLIS00000000000202620250814012811 a0010-0825000302ta250814 | | |  a332 a332 BAN s0 aBank Indonesia1 aStatistik Ekonomi Keuangan Daerah Provinsi Kalimantan Utara Vol. 9 No. 1 Januari 2025 /cBank Indonesia aTarakan :bBank Indonesia,c2025 aix; 139 Halaman :bteks; tabel ;c29 cm 4aEkonomi Keuangan dan Finansial a2598-8972